LEADER 00859nam0-22002891i-450 001 990001789900403321 005 20190529131423.0 035 $a000178990 035 $aFED01000178990 035 $a(Aleph)000178990FED01 035 $a000178990 100 $a20021010d1967----km-y0itay50------ba 101 0 $aita 200 1 $aAtti del convegno sulle colture protette, Cagliari 8 marzo 1967. 210 $aRoma$cUfficio studi Comansider$d1967. 215 $a91 p.$d20 cm 610 0 $aColture protette 676 $a631.544 710 12$aCONVEGNO SULLE COLTURE PROTETTE, Cagliari, 1967$0356819 801 0$aIT$bUNINA$gRICA$2UNIMARC 901 $aLG 912 $a990001789900403321 952 $a60 OP. 135/18$fFAGBC 959 $aFAGBC 996 $aAtti del convegno sulle colture protette, Cagliari 8 marzo 1967$9408587 997 $aUNINA DB $aING01 LEADER 02471nam 2200577 a 450 001 9910780307203321 005 20230617011135.0 010 $a1-280-34591-8 010 $a9786610345915 010 $a0-471-66352-2 035 $a(CKB)111090425023692 035 $a(EBL)189922 035 $a(OCoLC)304072311 035 $a(SSID)ssj0000160433 035 $a(PQKBManifestationID)11149145 035 $a(PQKBTitleCode)TC0000160433 035 $a(PQKBWorkID)10182323 035 $a(PQKB)10846186 035 $a(MiAaPQ)EBC189922 035 $a(Au-PeEL)EBL189922 035 $a(CaPaEBR)ebr10114131 035 $a(CaONFJC)MIL34591 035 $a(EXLCZ)99111090425023692 100 $a20031103d2004 uy 0 101 0 $aeng 135 $aur|n|---||||| 181 $ctxt 182 $cc 183 $acr 200 10$aGAAP implementation guide$b[electronic resource] /$fSteven M. Bragg 210 $aHoboken, N.J. $cWiley$dc2004 215 $a1 online resource (317 p.) 300 $aAt head of title: Wiley. 300 $aIncludes index. 311 $a0-471-45569-5 327 $aResearching GAAP implementation problems -- Cash, receivables, and prepaid expenses -- Short-term investments and financial instruments -- Inventory -- Revenue recognition -- Long-lived assets -- Investments -- Current liabilities and contingencies -- Long-term debt -- Leases -- Stockholders' equity -- Foreign currency. 330 $aThe most practical, authoritative guide to implementing GAAP Until now, accountants have had no guidance for what controls, policies, procedures, forms, reports, or archiving requirements they should use to properly mesh with the latest GAAP. An ideal companion volume to the Wiley GAAP guide, the GAAP Implementation Guide provides the practical application information essential to ensuring that a company's accounting systems are fully capable of incorporating the most recent GAAP. GAAP Implementation Guide features handy, illustrative decision trees showi 606 $aAccounting$xStandards$zUnited States 606 $aCorporations$xAccounting 615 0$aAccounting$xStandards 615 0$aCorporations$xAccounting. 676 $a657/.02/18 700 $aBragg$b Steven M$0472801 712 02$aJohn Wiley & Sons. 801 0$bMiAaPQ 801 1$bMiAaPQ 801 2$bMiAaPQ 906 $aBOOK 912 $a9910780307203321 996 $aGAAP implementation guide$93671548 997 $aUNINA LEADER 03108oas 2201045 a 450 001 9910891395203321 005 20260218111409.0 011 $a1635-7930 035 $a(DE-599)ZDB2092924-9 035 $a(OCoLC)60639266 035 $a(CONSER) 2011233098 035 $a(CKB)111057004872070 035 $a(DE-599)2092924-9 035 $a(EXLCZ)99111057004872070 100 $a20050615b20022011 sy b 101 0 $aeng 135 $aur||||||||||| 181 $ctxt$2rdacontent 182 $cc$2rdamedia 183 $acr$2rdacarrier 200 10$aEnvironmental biosafety research 210 $aLes Ulis, France ;$aCambridge, MA $cISBR, EDP Sciences$dİ2002- 300 $aRefereed/Peer-reviewed 311 08$a1635-7922 517 1 $aEBR 517 1 $aEnviron. Biosafety Res 531 1 $aEnviron. biosaf. res. 606 $aTransgenic organisms$xEnvironmental aspects$vPeriodicals 606 $aTransgenic organisms$vPeriodicals 606 $aTransgenic organisms$xSafety measures 606 $aBioremediation$vPeriodicals 606 $aBiotechnology$xResearch$vPeriodicals 606 $aBiotechnology$xSafety measures$vPeriodicals 606 $aOrganisms, Genetically Modified 606 $aSafety 606 $aBioremediation$2fast$3(OCoLC)fst00832694 606 $aBiotechnology$xResearch$2fast$3(OCoLC)fst00832769 606 $aBiotechnology$xSafety measures$2fast$3(OCoLC)fst00832777 606 $aTransgenic organisms$2fast$3(OCoLC)fst01154670 606 $aTransgenic organisms$xEnvironmental aspects$2fast$3(OCoLC)fst01154671 606 $aTransgenic organisms$xSafety measures$2fast$3(OCoLC)fst01154676 608 $aPeriodicals.$2fast 615 0$aTransgenic organisms$xEnvironmental aspects 615 0$aTransgenic organisms 615 0$aTransgenic organisms$xSafety measures. 615 0$aBioremediation 615 0$aBiotechnology$xResearch 615 0$aBiotechnology$xSafety measures 615 2$aOrganisms, Genetically Modified. 615 2$aSafety. 615 7$aBioremediation. 615 7$aBiotechnology$xResearch. 615 7$aBiotechnology$xSafety measures. 615 7$aTransgenic organisms. 615 7$aTransgenic organisms$xEnvironmental aspects. 615 7$aTransgenic organisms$xSafety measures. 712 02$aInternational Society for Biosafety Research 801 0$bOCLCS 801 1$bOCLCS 801 2$bW2U 801 2$bOCLCQ 801 2$bTXA 801 2$bGUA 801 2$bWEA 801 2$bOCLCQ 801 2$bOCLCF 801 2$bLRU 801 2$bCHVBK 801 2$bOCLCO 801 2$bOCLCQ 801 2$bOCLCO 801 2$bOCLCQ 801 2$bZ5A 801 2$bOCLCO 801 2$bOCLCA 801 2$bU3W 801 2$bOCLCO 801 2$bAU@ 801 2$bOCLCO 801 2$bWYU 801 2$bOCLCO 801 2$bOCLCA 801 2$bOCLCQ 801 2$bIOY 801 2$bOCLCL 801 2$bOCLCQ 906 $aJOURNAL 912 $a9910891395203321 996 $aEnvironmental biosafety research$91896337 997 $aUNINA